| 000 | 01298cam a22003131a 4500 | ||
|---|---|---|---|
| 001 | hew65000017 | ||
| 003 | DLC | ||
| 005 | 20260227111513.0 | ||
| 008 | 771128s1964 dcuab f000 0 eng c | ||
| 010 | _ahew65000017 | ||
| 035 | _a(OCoLC)3449724 | ||
| 040 |
_aU.S. Dept. of Health, Education, and Welfare. Library _cDNIE _dISS _dOCoLC _dTxU _dDLC |
||
| 042 | _apremarc | ||
| 050 | 0 | 0 |
_aL111 _b.A6 1964, no. 33 |
| 051 |
_aLA596 _b.F7 |
||
| 086 | 0 | _aFS 5.214:14104 | |
| 100 | 1 | _aFreeburger, Adela R. | |
| 245 | 1 | 0 |
_aEducation in Peru / _cAdela R. Freeburger, in collaboration with Charles E. Hauch. |
| 260 |
_a[Washington, D.C.] : _bU.S. Dept. of Health, Education and Welfare, Office of Education, _c1964. |
||
| 300 |
_aiii, 69 p. : _bill., map ; _c24 cm. |
||
| 490 | 1 |
_aBulletin / Office of Education ; _v1964, no. 33. |
|
| 500 | _a"OE-14104." | ||
| 500 | _a"Studies in comparative education"--Cover. | ||
| 500 | _aCopies 1 and 2 of L111.A6 bound with: Bulletin / United States. Office of Education, 1964, no. 34-1964, no. 41, subsequent to publication. | ||
| 504 | _aIncludes bibliographical references (p. 53-57). | ||
| 650 | 0 |
_aEducation _zPeru. |
|
| 700 | 1 |
_aHauch, Charles C. _q(Charles Christian), _d1913- |
|
| 830 | 0 |
_aBulletin (United States. Office of Education) ; _v1964, no. 33. |
|
| 999 |
_c34520 _d34520 |
||